000 00660nam a2200241Ia 4500
003 OSt
005 20220918221900.0
006 a|||||r|||| 00| 0
007 ta
008 220917b |||||||| |||| 00| 0 eng d
024 _a210,494
037 _cTextual
040 _aARTS
_cARTS
_beng
041 _2eng
_aeng
082 _aX:3M24xM18, N0
100 _aGeras Norman
245 0 _aDiscourses of extremity
_b Radical ethics and post-marxist extravagances
260 _aLondon
_bVerso
_c1990
300 _axiii, 171 p
_ccm.
650 _aECONOMICS
942 _hX:3M24xM18, N0
_cTEXL
_2CC
999 _c273910
_d273910